Luton Town Premier League Players - Statistics

General Stats
  • This quiz has been taken 276 times
    176 since last reset
  • The average score is 15 of 28
Answer Stats
The Hatters % Correct
Carlton Morris
91%
Ross Barkley
86%
Elijah Adebayo
85%
Thomas Kaminski
81%
Tahith Chong
74%
Alfie Doughty
69%
Teden Mengi
61%
Tom Lockyer
60%
Amari'i Bell
59%
Marvelous Nakamba
56%
Andros Townsend
55%
Chiedozie Ogbene
54%
Issa Kaboré
53%
Jordan Clark
52%
Pelly Ruddock Mpanzu
52%
Gabriel Osho
50%
Albert Sambi Lokonga
49%
Cauley Woodrow
49%
Jacob Brown
47%
Luke Berry
45%
Mads Andersen
42%
Reece Burke
41%
Ryan Giles
41%
Daiki Hashioka
37%
James Shea
37%
Joe Johnson
35%
Zack Nelson
25%
Fred Onyedinma
24%
No matching quizzes found
Score Distribution
Percent of People with Each Score
Percentile by Number Answered
Your Score History
You have not taken this quiz since the last reset